| 000 | 01249cam a2200313 a 4500 | ||
|---|---|---|---|
| 001 | 000014472 | ||
| 005 | 20200929163845.0 | ||
| 008 | 861022s1983 ve ab b f001 0bspa d | ||
| 040 |
_aDO-SdBNP _cDLC _dDLC _dBNPHU |
||
| 043 | _as------ | ||
| 082 |
_annnn _bL471b, 1983 |
||
| 100 | 1 |
_aLecuna, Vicente, _d1870-1954. _918077 |
|
| 245 | 1 | 0 |
_aCrónica razonada de las guerras de Bolívar / _cVicente Lecuna. |
| 250 | _a2a ed. | ||
| 260 |
_aCaracas, Venezuela : _bPresidencia de la Republica, _c1983. |
||
| 300 |
_a3 v. : _bil., mapas ; _c23 cm. |
||
| 490 | 1 |
_aBicentenario bolivariano _v191-193. |
|
| 490 | 1 |
_aEl continente y el libertador _v191-193 |
|
| 500 | _aLa biblioteca posee el v. 2 | ||
| 500 | _aIncluye índice | ||
| 504 | _aIncluye notas y referencias bibliográficas al pie de las páginas | ||
| 600 | 1 | 0 |
_aBolívar, Simón, _d1783-1830 _xMilitary leadership. _932688 |
| 651 | 0 |
_aSouth America _xHistory _yWars of Independence, 1806-1830 _xCampaigns. _932689 |
|
| 650 | 0 |
_aHeads of state _zSouth America _xBiography. _923539 |
|
| 710 | 1 |
_aVenezuela. _bPresidencia de la Republica. _932690 |
|
| 830 | 0 |
_aBicentenario bolivariano. _pEl continente y el libertador ; _v191-193 _932691 |
|
| 910 | _aCatalogación por copia / LC | ||
| 049 | _aBNGR | ||
| 999 |
_c14061 _d14061 |
||